| 000 | 01469cam a22003011 4500 | ||
|---|---|---|---|
| 001 | gs 16000347 | ||
| 003 | DLC | ||
| 005 | 20260227111319.0 | ||
| 007 | cr_||||||||||| | ||
| 008 | 810220s1916 dcubf f000 0 eng c | ||
| 010 | _ags 16000347 | ||
| 035 | _a(OCoLC)7145111 | ||
| 040 |
_aU.S.Geol.Survey. Library _cCMJ _dOCoLC _dDLC |
||
| 050 | 0 | 0 |
_aTC801 _b.U2 no. 398 |
| 051 |
_aGB1025.C2 _bM66 |
||
| 100 | 1 |
_aMendenhall, Walter C. _q(Walter Curran), _d1871-1957. |
|
| 245 | 1 | 0 |
_aGround water in San Joaquin Valley, California / _cby W.C. Mendenhall, R.B. Dole and Herman Stabler. |
| 260 |
_aWashington : _bGovt. Print. Off., _c1916. |
||
| 300 |
_a310 p., [14] leaves of plates : _bmaps (some fold.), tables, diagrs. _c23 cm. |
||
| 440 | 0 |
_aGeological Survey water-supply paper ; _v398 |
|
| 501 |
_aTC801.U2 no. 398 with: Ground water in the Waterbury area, Connecticut / by Arthur J. Ellis under the direction of Herbert E. Gregory ; prepared in cooperation with the Connecticut State Geological and Natural History Survey. Washington : Govt. Print. Off., 1916. Bound together subsequent to publication. _5DLC |
||
| 530 | _aAlso available in digital form on the Internet Archive Web site. | ||
| 651 | 0 | _aSan Joaquin Valley (Calif.) | |
| 650 | 0 |
_aWater-supply _zCalifornia _zSan Joaquin River Valley. |
|
| 700 | 1 |
_aStabler, Herman, _d1880- |
|
| 700 | 1 |
_aDole, Richard B. _q(Richard Bryant), _d1880-1917. |
|
| 856 | 4 | 1 | _uhttp://hdl.loc.gov/loc.gdc/scd0001.00199536254 |
| 999 |
_c25657 _d25657 |
||